Reflexiones sobre la enseñanza de la economía contemporánea /

Kaydedildi:
Detaylı Bibliyografya
Yazar: Butler Silva, Fernando
Materyal Türü: Metin
Konular:
Etiketler: Etiketle
Etiket eklenmemiş, İlk siz ekleyin!

MARC

LEADER 00000 a a2200000 04500
001 5342
003
040
100 |a Butler Silva, Fernando  
245 |a Reflexiones sobre la enseñanza de la economía contemporánea /  |c Fernando Butler Silva 
650 |a ECONOMIA  
650 |a ENSEÑANZA  
650 |a POBREZA  
650 |a POBLACION RURAL  
650 |a MICROECONOMIA  
650 |a MACROECONOMIA  
773 |g número 322; páginas 69-74  
999 |c 36466  |d 36466